000 01416cam a2200133 4500500
005 20260405085545.0
041 _afre
042 _adc
100 1 0 _aBernard, Mathias
_eauthor
245 0 0 _aHistoire politique de la Ve République : De 1958 à nos jours
260 _bArmand Colin,
_c2008.
520 _aLa Ve République est née en réaction à une crise institutionnelle profonde et dans le contexte de la guerre d’Algérie, et a vu ses traits définitifs fixés par la pratique gaulliste du pouvoir. Sa longévité n’avait rien d’assuré, et cependant elle a survécu aux évolutions politiques et sociales lourdes qui ont suivi, crises (mai 1968), alternances (mai 1981), réveil des partis ou mutations internationales (disparition de l’URSS). Cette synthèse propose à la fois un récit des grandes phases de l’histoire politique de la « Cinquième » et une description détaillée des diverses facettes de la vie politique et de son évolution. Idées, discours et pratiques politiques, action gouvernementale, phénomènes médiatiques et résultats électoraux, personnel politique et mouvements de l’opinion sont mis en relation pour mieux comprendre les relations complexes et fluctuantes entretenues par les Français avec leur système politique.
856 4 1 _uhttps://shs.cairn.info/histoire-politique-de-la-v-e-republique--9782200346935?lang=fr&redirect-ssocas=7080
999 _c2198507
_d2198507